<?xml version="1.0" encoding="UTF-8"?>
<record
    xmlns:xsi="http://www.w3.org/2001/XMLSchema-instance"
    xsi:schemaLocation="http://www.loc.gov/MARC21/slim http://www.loc.gov/standards/marcxml/schema/MARC21slim.xsd"
    xmlns="http://www.loc.gov/MARC21/slim">

  <leader>01159nam a2200241 a 4500</leader>
  <controlfield tag="001">000038325</controlfield>
  <controlfield tag="005">20250612105738.0</controlfield>
  <controlfield tag="008">130408s2004    dr a          000 0 spa d</controlfield>
  <datafield tag="020" ind1=" " ind2=" ">
    <subfield code="a">9789945120745</subfield>
  </datafield>
  <datafield tag="040" ind1=" " ind2=" ">
    <subfield code="a">DO-SdBNP</subfield>
    <subfield code="b">spa</subfield>
    <subfield code="c">BNPHU</subfield>
  </datafield>
  <datafield tag="082" ind1=" " ind2=" ">
    <subfield code="a">949.2</subfield>
    <subfield code="b">F828di</subfield>
  </datafield>
  <datafield tag="100" ind1="1" ind2=" ">
    <subfield code="a">Frank, Ana</subfield>
    <subfield code="9">51149</subfield>
  </datafield>
  <datafield tag="245" ind1="1" ind2="3">
    <subfield code="a">El diario de Ana Frank /</subfield>
    <subfield code="c">Ana Frank.</subfield>
  </datafield>
  <datafield tag="260" ind1=" " ind2=" ">
    <subfield code="a">Santo Domingo :</subfield>
    <subfield code="b">Susaeta ,</subfield>
    <subfield code="c">[s. f.].</subfield>
  </datafield>
  <datafield tag="300" ind1=" " ind2=" ">
    <subfield code="a">264 p. :</subfield>
    <subfield code="b">il., retrs. ;</subfield>
    <subfield code="c">21 cm.</subfield>
  </datafield>
  <datafield tag="520" ind1=" " ind2=" ">
    <subfield code="a">Este el diario de una ni&#xF1;a jud&#xED;a, quien sufri&#xF3; la persecuci&#xF3;n de los nazis alemanes. Ana y otras siete personas vivieron escondidas durante dos a&#xF1;os temiendo que la Gestapo los descubriera. Durante todo este tiempo, la peque&#xF1;a Ana llev&#xF3; un diario. En sus p&#xE1;ginas plasm&#xF3; todas sus vivencias y sus m&#xE1;s &#xED;ntimos secretos</subfield>
  </datafield>
  <datafield tag="600" ind1="1" ind2="4">
    <subfield code="a">ANA FRANK</subfield>
    <subfield code="d">1929-1945</subfield>
    <subfield code="v">DIARIOS &#xCD;NTIMOS</subfield>
    <subfield code="9">64687</subfield>
  </datafield>
  <datafield tag="650" ind1=" " ind2="4">
    <subfield code="a">Holocausto judio</subfield>
    <subfield code="y">1939-1945</subfield>
    <subfield code="z">Pa&#xED;ses Bajos, Amsterdam</subfield>
    <subfield code="v">DIARIOS</subfield>
    <subfield code="9">64688</subfield>
  </datafield>
  <datafield tag="650" ind1=" " ind2="4">
    <subfield code="a">Judeus</subfield>
    <subfield code="z">Pa&#xED;ses Bajos</subfield>
    <subfield code="9">64689</subfield>
  </datafield>
  <datafield tag="650" ind1=" " ind2="0">
    <subfield code="a"> Guerra Mundial, 1939-1945</subfield>
    <subfield code="9">13822</subfield>
  </datafield>
  <datafield tag="651" ind1=" " ind2="4">
    <subfield code="a">Pa&#xED;ses Bajos</subfield>
    <subfield code="x">Historia, Ocupaci&#xF3;n Alemana,</subfield>
    <subfield code="y">1940-1945</subfield>
    <subfield code="9">64690</subfield>
  </datafield>
  <datafield tag="910" ind1=" " ind2=" ">
    <subfield code="a">Validado. Control de calidad MFF</subfield>
  </datafield>
  <datafield tag="952" ind1=" " ind2=" ">
    <subfield code="0">0</subfield>
    <subfield code="1">0</subfield>
    <subfield code="7">1</subfield>
    <subfield code="8">PD</subfield>
    <subfield code="a">PD</subfield>
    <subfield code="b">PD</subfield>
    <subfield code="c">HD</subfield>
    <subfield code="d">2013-04-08</subfield>
    <subfield code="i">LF1</subfield>
    <subfield code="l">0</subfield>
    <subfield code="o">949.2 F828di</subfield>
    <subfield code="p">38325-10</subfield>
    <subfield code="r">2020-06-25</subfield>
    <subfield code="w">2020-06-25</subfield>
    <subfield code="y">LFPD</subfield>
    <subfield code="Z">No se presta</subfield>
  </datafield>
  <datafield tag="999" ind1=" " ind2=" ">
    <subfield code="c">37815</subfield>
    <subfield code="d">37815</subfield>
  </datafield>
</record>
